| 000 | 01233nam a22003491i 4500 | ||
|---|---|---|---|
| 001 | bslw10055312 | ||
| 005 | 20240305165651.0 | ||
| 006 | m o d | ||
| 007 | cr un ---uuuua | ||
| 008 | 230530s2013 sp ob 000 0 spa d | ||
| 020 | _a9788413810843 | ||
| 035 | _a38425 | ||
| 040 |
_aUtOrBLW _beng _erda _cUtOrBLW |
||
| 050 | 4 |
_aK5018 _b.S44 2013 |
|
| 082 | 0 | 4 |
_a345.001 _223 |
| 100 | 1 |
_aSeelmann, Kurt, _d1947- _eauthor. |
|
| 245 | 1 | 0 |
_aEstudios de filosofía del derecho y derecho penal / _cKurt Seelmann ; edición a cargo de Juan Pablo Montiel ; prólogo de Jesús-María Silva Sánchez. |
| 264 | 1 |
_aMadrid : _bMarcial Pons, _c2013. |
|
| 300 | _a1 online resource (219 pages) | ||
| 336 |
_atext _btxt _2rdacontent |
||
| 337 |
_acomputer _bc _2rdamedia |
||
| 338 |
_aonline resource _bcr _2rdacarrier |
||
| 490 | 1 | _aDerecho penal y criminología | |
| 504 | _aIncludes bibliographical references. | ||
| 650 | 0 |
_aLaw _xPhilosophy. |
|
| 650 | 0 | _aCriminal law. | |
| 700 | 1 |
_aMontiel, Juan Pablo, _eeditor. |
|
| 700 | 1 |
_aSilva Sánchez, Jesús-María, _ewriter of introduction. |
|
| 830 | 0 | _aDerecho penal y criminología (Marcial Pons (Firm)) | |
| 856 | 4 | 0 | _uhttps://app.vlex.com/#/sources/38425 |
| 942 | _cRAA | ||
| 999 |
_c172773 _d172773 |
||